[Event "Bhopal op"]
[Site "Bhopal"]
[Date "2019.12.22"]
[Round "3"]
[White "Mohanty, Soyamsree"]
[Black "Ziatdinov, Raset"]
[Result "0-1"]
[WhiteElo "1639"]
[BlackElo "2204"]
[PlyCount "66"]
[EventDate "2019.12.21"]
[EventType "swiss"]
[EventRounds "10"]
[EventCountry "IND"]
[SourceTitle "CBM 194 Extra"]
[Source "ChessBase"]
[SourceDate "2020.03.31"]
[SourceVersion "1"]
[SourceVersionDate "2020.03.31"]
[SourceQuality "1"]

1. d4 Nf6 2. Nf3 e6 3. g3 c5 4. c3 Nc6 5. Bg2 d5 6. 0-0 Be7 7. a4 0-0 8. Na3 cxd4 9. cxd4 a6 10. Nc2 Bd7 11. Bg5 Rc8 12. Ne3 Ne4 13. Bxe7 Qxe7 14. Qb3 Rc7 15. Rfc1 Rfc8 16. Qb6 Be8 17. Ne1 Nf6 18. Rd1 Nb4 19. Nd3 Nxd3 20. exd3 Rc6 21. Qa5 Qd6 22. Qd2 Rb6 23. g4 Qf4 24. g5 Nh5 25. Rac1 Rbc6 26. Rxc6 Bxc6 27. Qe2 Qxg5 28. b3 Nf4 29. Qg4 Qxg4 30. Nxg4 Ne2+ 31. Kf1 Nxd4 32. Rb1 Be8 33. Ne5 Rc3 0-1

[Event "Sivagangai Tamilnadu op U11 32th"]
[Site "Sivagangai Tamilnadu"]
[Date "2018.08.05"]
[Round "11.2"]
[White "Mohanty, Soyamsree"]
[Black "Ilamparthi, AR."]
[Result "0-1"]
[WhiteElo "1755"]
[BlackElo "1965"]
[PlyCount "112"]
[EventDate "2018.07.28"]
[EventType "swiss"]
[EventRounds "11"]
[EventCountry "IND"]
[SourceTitle "EXT 2024"]
[Source "ChessBase"]
[SourceDate "2023.10.10"]
[SourceVersion "1"]
[SourceVersionDate "2023.10.10"]
[SourceQuality "1"]

1. d4 Nf6 2. Bf4 g6 3. Nc3 Bg7 4. e4 0-0 5. Qd2 d6 6. 0-0-0 Nbd7 7. Nf3 c5 8. Bh6 Rb8 9. Bxg7 Kxg7 10. e5 Ne8 11. h4 h5 12. Qe3 Qa5 13. e6 cxd4 14. Qxd4+ Ne5 15. exf7 Nf6 16. Ng5 b5 17. Kb1 Bf5 18. Bd3 b4 19. Nce4 Nc6 20. Qc4 d5 21. Qxc6 dxe4 22. Bc4 Rfc8 23. Qa6 Qxa6 24. Bxa6 Rc6 25. Bb5 Rxb5 26. Rd8 Nd7 27. Rg8+ Kf6 28. f8Q+ Nxf8 29. Rxf8+ Ke5 30. Nf7+ Kf4 31. Re1 Rf6 32. Re3 Kg4 33. Nh6+ Kxh4 34. Rxf6 exf6 35. g3+ Kh3 36. g4+ Kg2 37. gxf5 gxf5 38. Re2 Kf3 39. Rd2 h4 40. Ng8 h3 41. Nxf6 h2 42. Rd1 Kg2 43. Nh5 h1Q 44. Nf4+ Kh2 45. Rxh1+ Kxh1 46. Kc1 Kg1 47. Kd2 Kxf2 48. Nh3+ Kg2 49. Nf4+ Kf3 50. Ne6 e3+ 51. Ke1 Rd5 52. Ng5+ Kg3 53. Ke2 f4 54. Ne4+ Kg2 55. c4 bxc3 56. bxc3 Re5 0-1

[Event "Bhubaneswar Pillai Memorial"]
[Site "Bhubaneswar"]
[Date "2016.11.22"]
[Round "5"]
[White "Sahu, Rajendrakumar"]
[Black "Mohanty, Soyamsree"]
[Result "1-0"]
[WhiteElo "2088"]
[BlackElo "1498"]
[PlyCount "101"]
[EventDate "2016.11.20"]
[EventType "swiss"]
[EventRounds "11"]
[EventCountry "IND"]
[SourceTitle "CBM 175 Extra"]
[Source "ChessBase"]
[SourceDate "2016.12.12"]
[SourceVersion "1"]
[SourceVersionDate "2016.12.12"]
[SourceQuality "1"]

1. e4 c5 2. Nf3 d6 3. d4 cxd4 4. Qxd4 Nc6 5. Bb5 Nf6 6. c4 Bd7 7. Bxc6 Bxc6 8. Nc3 e6 9. 0-0 Be7 10. Re1 0-0 11. b3 Qc7 12. h3 Nd7 13. Bb2 Bf6 14. Qd2 Rfd8 15. Rad1 Ne5 16. Nd4 a6 17. Kh1 Ng6 18. f4 e5 19. Nde2 exf4 20. Nxf4 Nxf4 21. Qxf4 Be5 22. Qf3 f6 23. Re2 Rac8 24. Nd5 Bxd5 25. Rxd5 Qc6 26. Bxe5 dxe5 27. Red2 Rxd5 28. Rxd5 b5 29. c5 b4 30. Qd3 Qb5 31. Rd8+ Rxd8 32. Qxd8+ Kf7 33. Qd5+ Kg6 34. Kh2 Qf1 35. Qd2 Qb5 36. Qc1 Qc6 37. Qc4 a5 38. Kg3 h6 39. Kf2 Qd7 40. c6 Qd2+ 41. Kg1 Qd8 42. c7 Qc8 43. Qc6 Kh7 44. Qd6 Qa8 45. Kh2 h5 46. Qd7 Qxe4 47. c8Q Qf4+ 48. Kg1 Qe3+ 49. Kf1 Qf4+ 50. Ke1 Qg3+ 51. Kd1 1-0

[Event "Bhubaneswar Pillai Memorial"]
[Site "Bhubaneswar"]
[Date "2016.11.20"]
[Round "2"]
[White "Mohanty, Soyamsree"]
[Black "Manikandaswamy, Sivagnanam"]
[Result "0-1"]
[WhiteElo "1498"]
[BlackElo "2141"]
[PlyCount "122"]
[EventDate "2016.11.20"]
[EventType "swiss"]
[EventRounds "11"]
[EventCountry "IND"]
[SourceTitle "CBM 175 Extra"]
[Source "ChessBase"]
[SourceDate "2016.12.12"]
[SourceVersion "1"]
[SourceVersionDate "2016.12.12"]
[SourceQuality "1"]

1. d4 d5 2. c4 e6 3. Nc3 Nf6 4. cxd5 exd5 5. Nf3 Be7 6. Bf4 c6 7. e3 Nbd7 8. Bd3 Nf8 9. h3 Ng6 10. Bh2 0-0 11. Ne5 Bd6 12. 0-0 Ne7 13. Qc2 g6 14. a3 a5 15. Na4 Bf5 16. Bxf5 Nxf5 17. Nc5 Bxc5 18. Qxc5 a4 19. Qb4 Qe7 20. Qxe7 Nxe7 21. Rac1 Ra5 22. Nd3 Ne4 23. Rfd1 Nc8 24. Nc5 Nxc5 25. Rxc5 Ra8 26. Rb1 Na7 27. Rbc1 Nb5 28. Kf1 Rfe8 29. Be5 Re6 30. g4 f6 31. Bg3 Kf7 32. Kg2 Re4 33. Kf3 Rh8 34. Rh1 Ke6 35. h4 Kd7 36. h5 g5 37. Rhc1 Rc8 38. Kg2 h6 39. Kh3 b6 40. R5c2 Nd6 41. Bxd6 Kxd6 42. Kg3 c5 43. Rc3 c4 44. f3 Re7 45. Re1 Rce8 46. e4 dxe4 47. fxe4 Rxe4 48. Rxe4 Rxe4 49. Rxc4 Re3+ 50. Kf2 Rb3 51. Rb4 Ke6 52. Rxb3 axb3 53. Kf3 f5 54. gxf5+ Kxf5 55. a4 Kf6 56. Ke3 Ke6 57. Ke4 Kd6 58. d5 g4 59. Kf4 Kxd5 60. Kxg4 Ke4 61. Kg3 Kd3 0-1